| 000 | 00745nam a2200217 a 4500 | ||
|---|---|---|---|
| 001 | 000036115 | ||
| 005 | 20250621074008.0 | ||
| 008 | 111214s2011 dr ac 001 0bspa d | ||
| 020 | _a9789945408577 | ||
| 040 |
_aDO-SdBNP _bspa _cBNPHU |
||
| 082 |
_a972.93 _bN936p |
||
| 100 | 1 |
_aNovas, José C. _931859 |
|
| 245 | 1 | 3 |
_aEl presidente Cáceres : _bfábula del progreso, el orden y la paz / _cJosé C. Novas. |
| 260 |
_aSanto Domingo : _bArgos, _c2011. |
||
| 300 |
_a165 p. : _bil., retrs ; _c23 cm. |
||
| 600 | 1 | 4 |
_aCÁCERES, RAMÓN, _d1866-1911 _9196 |
| 651 | 0 |
_aRepública Dominicana _xPolítica y gobierno _945 |
|
| 651 | 0 |
_aRepública Dominicana -- _xHistoria -- _y1844-1930 _91009 |
|
| 910 | _aValidado. Control de calidad EMS | ||
| 049 | _aBNPD | ||
| 999 |
_c35606 _d35606 |
||